000 00190 a2200097 4500
020 _a9781455521319
041 _aeng
100 _aBaldacci, david
245 _aKink and maxwell
942 _cBK
999 _c11539
_d11539